Mensaje de los intelectuales de América sobre el conflicto del Chaco / (Record no. 115829)

MARC details
000 -LEADER
campo de control de longitud fija 00681nam a2200181 i 4500
001 - NÚMERO DE CONTROL
campo de control 115829
003 - IDENTIFICADOR DE NÚMERO DE CONTROL
campo de control ES-MaACL
005 - FECHA Y HORA DE LA ÚLTIMA TRANSACCIÓN
campo de control 20230906190553.0
007 - CAMPO FIJO DE DESCRIPCIÓN FÍSICA--INFORMACIÓN GENERAL
campo de control de longitud fija t|
008 - DATOS DE LONGITUD FIJA--INFORMACIÓN GENERAL
campo de control de longitud fija 061121s1932 uy r ||||1| spa d
100 1# - ENTRADA PRINCIPAL--NOMBRE DE PERSONA
Nombre de persona González, J. Natalicio.
9 (RLIN) 58323
245 10 - MENCIÓN DEL TÍTULO
Título Mensaje de los intelectuales de América sobre el conflicto del Chaco /
Mención de responsabilidad, etc. J. Natalicio González ; seguido de un artículo de Juan E O'Leary sobre Puerto Pacheco.
260 ## - PUBLICACIÓN, DISTRIBUCIÓN, ETC.
Lugar de publicación, distribución, etc. Montevideo ( Uruguay) :
Nombre del editor, distribuidor, etc. Comisión Pro-Defensa del Paraguay,
Fecha de publicación, distribución, etc. 1932.
300 ## - DESCRIPCIÓN FÍSICA
Extensión 22 p. ;
Dimensiones 16 cm.
650 #4 - PUNTO DE ACCESO ADICIONAL DE MATERIA--TÉRMINO DE MATERIA
Término de materia o nombre geográfico como elemento de entrada Guerra del Chaco, 1932-1935.
9 (RLIN) 13197
700 1# - ENTRADA AGREGADA--NOMBRE PERSONAL
Nombre de persona O'Leary, Juan E. (
Fechas asociadas al nombre 1879-1969)
9 (RLIN) 86341
852 ## - LOCALIZACIÓN
Ubicación ES-MaACL
Número de control de estantería 1784-F-5
Holdings
Estatus retirado Estado de pérdida Estado de daño No para préstamo Colección Biblioteca de origen Biblioteca actual Ubicación en estantería Fecha de adquisición Fuente de adquisición Total de préstamos Signatura topográfica completa Código de barras Visto por última vez Precio de reemplazo Tipo de ítem Koha
        Colección de folletos Biblioteca del Ateneo de Madrid Biblioteca del Ateneo de Madrid Depósito folletos 17/01/2008     1784-F-5 1120791 23/02/2023 23/02/2023 Folleto